| 000 | 00805nam a2200265 a 4500 | ||
|---|---|---|---|
| 001 | 000007968 | ||
| 003 | DO-SdBNP | ||
| 005 | 20240412074205.0 | ||
| 008 | 090914s1982 dr a 000 p spa d | ||
| 040 |
_aDO-SdBNP _bspa _cBNPHU |
||
| 082 |
_aRD861.44 _bG216r _222 |
||
| 100 | 1 |
_aGarcía Bidó, Martín Rafael, _d1953- _921793 |
|
| 245 | 1 | 0 |
_aRevivir un gesto tuyo / _cMartín Rafael García Bidó. |
| 260 |
_aSanto Domingo : _bTaller, _c1982. |
||
| 300 |
_a68 p. : _bil. ; _c22 cm. |
||
| 490 | 1 |
_aPoesía ; _v4 |
|
| 500 | _aIncluye datos biográficos del autor en la solapa. | ||
| 586 | _aPremio Siboney 1981 | ||
| 590 | _aInventariado, 2023 / DG | ||
| 650 | 0 |
_aPoesía dominicana _966 |
|
| 650 | 0 |
_aLiteratura dominicana. _967 |
|
| 830 | 0 |
_aPoesía ; _n4 _921794 |
|
| 910 | _aDG | ||
| 942 |
_2ddc _cLBS1 |
||
| 999 |
_c7746 _d7746 |
||